Relatos fantásticos y de ciencia ficción
Guardado en:
| Formato: | Libro |
|---|---|
| Publicado: |
Buenos Aires :
Ministerio de Educación, s/f.
|
| Series: | Libros ilustrados. Serie Argentina
|
| Materias: | |
| Etiquetas: |
Agregar Etiqueta
Sin Etiquetas, Sea el primero en etiquetar este registro!
|
| LEADER | 01072nam a22002775a 4500 | ||
|---|---|---|---|
| 001 | CEM.cems018323 | ||
| 005 | 20140716121041.0 | ||
| 008 | 130507b######################000#0#####d | ||
| 003 | CEMS | ||
| 082 | 0 | 4 | |a FC808.8 |
| 245 | 0 | 0 | |a Relatos fantásticos y de ciencia ficción |
| 260 | |a Buenos Aires : |b Ministerio de Educación, s/f. | ||
| 300 | |a 34 p. | ||
| 490 | 0 | |a Libros ilustrados. Serie Argentina | |
| 505 | 0 | |a Yzur / Leopoldo Lugones -- El busto / Mauel Peyrou -- La pera irremediable / Guillermo Boido y Angélica Gorodischer -- Timbuctú / Carlos Gardini | |
| 653 | |a Literatura | ||
| 653 | |a Literatura argentina | ||
| 653 | |a Cuentos | ||
| 653 | |a Cuento argentino | ||
| 653 | |a Cuento fantástico | ||
| 653 | |a Cuento ciencia ficción | ||
| 653 | |a Libros ilustrados | ||
| 859 | |a CEMS |b BIB. CEMS - Agricultura |h FC808.8 |i R279 |p A0121.44 |t Ej.1 | ||
| 859 | |a CEMS |b BIB. CEMS - Agricultura |h FC808.8 |i R279 |p A0122.44 |t Ej.2 | ||
| 859 | |a CEMS |b BIB. CEMS - Agricultura |h FC808.8 |i R279 |p A0123.44 |t Ej.3 | ||
| 859 | |a CEMS |b BIB. CEMS - Agricultura |h FC808.8 |i R279 |p A0124.44 |t Ej.4 | ||
